00340nam a2200121Ia 4500008004100000245007900041260001700120260000900137300000800146650002300154650001200177856002900189170516s9999 xx 000 0 und d aDesign of Internalizing PSMA-specific Glu-ureido-based Radiotherapeuticals bTheranostics c2016 a6:8 xMedical Technology xMedtech uhttp://www.thno.org/v6i8